| 000 | 02486nam a2200265 a 4500 | ||
|---|---|---|---|
| 001 | 000015378 | ||
| 003 | OSt | ||
| 005 | 20250621074006.0 | ||
| 008 | 100120s2008 dr 001 0 spa d | ||
| 020 | _a9993400475 | ||
| 040 |
_aDO-SdBNP _bspa _cBNPHU |
||
| 082 |
_a972.93054 _bG861go, 2008 |
||
| 100 | 1 |
_aGrimaldi, Víctor, _d1949- _91699 |
|
| 245 | 1 | 0 |
_aGolpe y revolución : _bel derrocamiento de Juan Bosch y la intervención norteamericana / _cVíctor Grimaldi. |
| 250 | _a3a. ed. | ||
| 260 |
_aSanto Domingo : _bComisión Permanente de Efemérides Patrias, _c2008. |
||
| 300 |
_a501 p. : _bil., retrs. ; _c23 cm. |
||
| 504 | _aBibliografía: p. 491- 498 | ||
| 505 | 0 | _aCronología de los hechos -- Prólogo -- Un encuentro entre dos presidentes -- La embajada evalúa el gobierno de Bosch -- El Caribe en la Guerra fría -- Trujillo y Haití en el destino dominicano -- Las conspiraciones de Kennedy -- Geopolíticas y golpe de estado -- El final del triunvirato -- Más informes de inteligencia -- Cómo Wessin se entera de la revuelta -- Estados Unidos contra Juan Bosch -- Cuando Trujillo era jefe en 1961 -- Muchos muertos y heridos -- Aislamientos y huidas -- El 28 de abril -- Para evitar otro Viet Nam -- John B. Martin, el divisionista -- Wessin atropellado -- Maniobras en Washington -- La CIA y los comunistas -- La lista era de -- Informes de Berry e Imbert -- El insomnio de Johnson -- Caamaño para presidente -- Bosch no era estúpido -- Imbert promovido por Rusk -- Elogios para Caamaño -- Bajando el chucho -- Los generales de golpe -- Fondos para la ocupación -- La misión Bundy -- Y la operación limpieza -- La opinión pública norteamericana -- Y el libro de Martin -- Revelaciones de Thomas Mann 287 una entrevista con Cyrus Vance -- Fracaso de fórmula Guzmán -- Espías norteamericanos -- Una vieja preocupación -- Resucita un cabildero de Trujillo -- Dominicanos presidenciables -- La mafia también quiso aprovecharse -- La acusación de un senador -- La muerte de Trujillo y la invasión de 1965 -- El retorno de Balaguer -- Negociantes norteamericanos -- Recordando el golpe de 1963 -- Cuatro meses de revolución -- Sube García Godoy -- Una propuesta de Balaguer -- El destierro de Caamaño. | |
| 590 | _aInventariado, 2019/MFF | ||
| 651 | 0 |
_aRepública Dominicana _xPolítica y gobierno _945 |
|
| 651 | 4 |
_aRepública Dominicana _xHistoria _yGolpe de Estado, 1963 _934712 |
|
| 910 | _aValidado. Control de calidad MMOLINA | ||
| 942 |
_2ddc _cLBS1 |
||
| 999 |
_c14940 _d14940 |
||